Studies in Australian and Indian literature : (Record no. 21861)
[ view plain ]
| 000 -LEADER | |
|---|---|
| fixed length control field | 01391cam a2200349 4500 |
| 001 - CONTROL NUMBER | |
| control field | 21861 |
| 003 - CONTROL NUMBER IDENTIFIER | |
| rucl marc code | BD-RjUL |
| 005 - DATE AND TIME OF LATEST TRANSACTION | |
| control field | 20211209000734.0 |
| 008 - FIXED-LENGTH DATA ELEMENTS--GENERAL INFORMATION | |
| fixed length control field | 140305s1971 ii b 100 0 eng |
| 035 ## - SYSTEM CONTROL NUMBER | |
| System control number | (BD-RjUL)21926 |
| 040 ## - CATALOGING SOURCE | |
| Original cataloging agency | DLC |
| Transcribing agency | DLC |
| Modifying agency | DLC |
| -- | BD-RjUL |
| Language of cataloging | eng |
| 041 ## - LANGUAGE CODE | |
| Language code of text/sound track or separate title | eng |
| 082 00 - DEWEY DECIMAL CLASSIFICATION NUMBER | |
| Classification number | 820.9 |
| Author mark and year | STU |
| 111 2# - MAIN ENTRY--MEETING NAME | |
| Meeting name or jurisdiction name as entry element | Seminar on Australian-Indian Literature, |
| Location of meeting | New Delhi, India. |
| Date of meeting | 1970. |
| 9 (RLIN) | 67498 |
| 245 10 - TITLE STATEMENT | |
| Title | Studies in Australian and Indian literature : |
| Remainder of title | proceedings of a seminar / |
| Statement of responsibility, etc. | Editors: C. D. Narasimhaiah [and] S. Nagarajan. |
| 260 ## - PUBLICATION, DISTRIBUTION, ETC. (IMPRINT) | |
| Place of publication, distribution, etc. | New Delhi : |
| Name of publisher, distributor, etc. | Indian Council for Cultural Relations, |
| Date of publication, distribution, etc. | c1971. |
| 300 ## - PHYSICAL DESCRIPTION | |
| Pagination | viii, 280 p. ; |
| Size | 25 cm. |
| 350 ## - PRICE (NR) (BK AM CF MU VM SE) [OBSOLETE] | |
| Price | Rs30.00 |
| 500 ## - GENERAL NOTE | |
| General note | Running title: Australian and Indian literature. |
| General note | Organized by the Indian Council for Cultural Relations. |
| 504 ## - BIBLIOGRAPHY, ETC. NOTE | |
| Bibliography, etc | Includes bibliographical references. |
| 650 #0 - SUBJECT ADDED ENTRY--TOPICAL TERM | |
| Topical term or geographic name as entry element | Australian literature |
| General subdivision | History and criticism |
| -- | Congresses. |
| 9 (RLIN) | 67492 |
| Topical term or geographic name as entry element | Indic literature |
| General subdivision | History and criticism |
| -- | Congresses. |
| 9 (RLIN) | 67493 |
| 651 #0 - SUBJECT ADDED ENTRY--GEOGRAPHIC NAME | |
| Geographic name | Australia |
| General subdivision | In literature |
| -- | Congresses. |
| 9 (RLIN) | 67494 |
| Geographic name | India |
| General subdivision | In literature |
| -- | Congresses. |
| 9 (RLIN) | 67495 |
| 700 1# - ADDED ENTRY--PERSONAL NAME | |
| Personal name | Narasimhaiah, C. D., |
| Relator term | ed. |
| Personal name | Nagarajan, S. |
| Fuller form of name | (Sankalapuram), |
| Dates associated with a name | 1929- |
| Relator term | ed. |
| 710 2# - ADDED ENTRY--CORPORATE NAME | |
| Corporate name or jurisdiction name as entry element | Indian Council for Cultural Relations. |
| 9 (RLIN) | 58964 |
| 942 ## - ADDED ENTRY ELEMENTS (KOHA) | |
| Source of classification or shelving scheme | Dewey Decimal Classification |
| Koha item type | Books |
| Lost status | Source of classification or shelving scheme | Damaged status | Not for loan | Collection code | Permanent Location | Current Location | Shelving location | Date acquired | Source of acquisition | Cost, normal purchase price | Total Checkouts | Full call number | Date last seen | Copy number | Koha item type |
|---|---|---|---|---|---|---|---|---|---|---|---|---|---|---|---|
| Dewey Decimal Classification | Added to bundle | Fiction | Central Library, University of Rajshahi | Central Library, University of Rajshahi | Reading Room | 09/07/1974 | India Gift. | 0.00 | 820.9 STU 1971 | 05/03/2014 | C-1 | Books |